00600nam a2200181Ia 4500008004100000020001500041040001900056041001200075082001700087245010200104260003000206300002000236504005000256630003300306650002300339651003200362700002400394131103s9999 xx 000 0 und d a030435046X aLoreto College aEnglish a909.08,bCAS 4aThe Cassell Atlas of the Early Modern World 1492 - 1783cJohn Haywood with Simon Hall, John Swift aLondonbCassell plcc1998 aillus, 30.5 cm. aIncludes bibliographical references and index aHistory, World,1492 - 1783  aEarly Modern World aWorld History, Early Modern aHaywood, John, auth